[Event "Minsk op"]
[Site "Minsk"]
[Date "2023.11.09"]
[Round "7"]
[White "Klachkou, Tsimafei"]
[Black "Venskaya, Nika"]
[Result "0-1"]
[WhiteElo "1843"]
[BlackElo "1554"]
[PlyCount "78"]
[EventDate "2023.11.03"]
[EventType "swiss"]
[EventRounds "9"]
[EventCountry "BLR"]
[SourceTitle "CB46_2023"]
[SourceDate "2023.11.15"]
[SourceVersion "1"]
[SourceVersionDate "2023.11.15"]
[SourceQuality "1"]

1. Nf3 Nf6 2. g3 b6 3. Bg2 Bb7 4. 0-0 e6 5. c4 Be7 6. d4 d6 7. Nc3 Ne4 8. Qc2 Nxc3 9. Qxc3 0-0 10. h4 Nd7 11. Bg5 h6 12. Bxe7 Qxe7 13. Rfd1 f5 14. Ne1 Bxg2 15. Nxg2 g5 16. hxg5 hxg5 17. f3 f4 18. gxf4 gxf4 19. Qd3 Qg5 20. Qe4 Rae8 21. Rf1 Rf7 22. Rf2 Rg7 23. e3 fxe3 24. Re2 Kf7 25. f4 Qg4 26. Qxe3 Rh8 27. Rae1 Nf8 28. f5 exf5 29. Rf1 Rh3 30. Qf2 Rh5 31. Re3 Rhg5 32. Re2 Rh7 33. Qe3 Kg8 34. Rf3 Qh5 35. Kf2 Rhg7 36. Kf1 Qh1+ 37. Qg1 Qh5 38. Qe3 f4 39. Qg1 Qxf3+ 0-1

[Event "Minsk Kupreichik Memorial op"]
[Site "Minsk"]
[Date "2023.04.25"]
[Round "7"]
[White "Romanovskij, Nikita"]
[Black "Klachkou, Tsimafei"]
[Result "1/2-1/2"]
[WhiteElo "1947"]
[BlackElo "1870"]
[PlyCount "67"]
[EventDate "2023.04.21"]
[EventType "swiss"]
[EventRounds "7"]
[EventCountry "BLR"]
[SourceTitle "CBM 214 Extra"]
[Source "ChessBase"]
[SourceDate "2023.07.31"]
[SourceVersion "1"]
[SourceVersionDate "2023.07.31"]
[SourceQuality "1"]

1. d4 d5 2. c4 e6 3. Nf3 c6 4. Qc2 Nf6 5. Nbd2 Nbd7 6. g3 Bd6 7. Bg2 0-0 8. 0-0 Qe7 9. b3 e5 10. dxe5 Nxe5 11. Bb2 dxc4 12. Nxe5 Bxe5 13. Nxc4 Bxb2 14. Qxb2 Bg4 15. Rfe1 Rad8 16. e4 Nd7 17. b4 Be6 18. Ne3 Nb6 19. Rac1 Rd3 20. b5 cxb5 21. Qxb5 Ra3 22. Rc2 g6 23. Rec1 Rd8 24. Qe5 Qd6 25. Qf6 Rd3 26. Bf1 Rd4 27. Rc7 Rxe4 28. Rxb7 Bxa2 29. Qxd6 Rxd6 30. Rxa7 Be6 31. Ra6 Red4 32. Rb1 Nd7 33. Rxd6 Rxd6 34. Bc4 1/2-1/2

[Event "BLR-ch U20"]
[Site "Rogachev"]
[Date "2018.04.30"]
[Round "7"]
[White "Kramich, Alyaksej"]
[Black "Klachkou, Tsimafei"]
[Result "1/2-1/2"]
[WhiteElo "2180"]
[BlackElo "1965"]
[PlyCount "70"]
[EventDate "2018.04.24"]
[EventType "tourn"]
[EventRounds "9"]
[EventCountry "BLR"]
[SourceTitle "CBM 184 Extra"]
[Source "ChessBase"]
[SourceDate "2018.06.28"]
[SourceVersion "1"]
[SourceVersionDate "2018.06.28"]
[SourceQuality "1"]

1. e4 e5 2. Nc3 Nc6 3. Bc4 Nf6 4. d3 Bb4 5. Bg5 h6 6. Bxf6 Qxf6 7. Nge2 Nd4 8. a3 Nxe2 9. axb4 Nxc3 10. bxc3 0-0 11. 0-0 b6 12. Qd2 c6 13. f4 d6 14. d4 exd4 15. cxd4 Be6 16. e5 dxe5 17. dxe5 Qd8 18. Bd3 Bf5 19. Qc3 Bxd3 20. cxd3 Qd5 21. d4 Rfd8 22. Rfd1 Rd7 23. Rac1 Rad8 24. Kf2 Qe4 25. Qe3 Qg6 26. h3 h5 27. Rc4 Rd5 28. g3 c5 29. bxc5 bxc5 30. Rd2 cxd4 31. Rcxd4 Rxd4 32. Rxd4 Qc2+ 33. Kf3 Qc6+ 34. Kf2 Qc2+ 35. Kf3 Qg6 1/2-1/2

[Event "BLR-ch U20"]
[Site "Rogachev"]
[Date "2018.04.27"]
[Round "4"]
[White "Klachkou, Tsimafei"]
[Black "Zarubitski, Viachaslau"]
[Result "1/2-1/2"]
[WhiteElo "1965"]
[BlackElo "2435"]
[PlyCount "88"]
[EventDate "2018.04.24"]
[EventType "tourn"]
[EventRounds "9"]
[EventCountry "BLR"]
[SourceTitle "CBM 184 Extra"]
[Source "ChessBase"]
[SourceDate "2018.06.28"]
[SourceVersion "1"]
[SourceVersionDate "2018.06.28"]
[SourceQuality "1"]

1. d4 Nf6 2. Bf4 e6 3. e3 b6 4. Nf3 Bb7 5. h3 Be7 6. c3 0-0 7. Nbd2 c5 8. Bd3 Nc6 9. 0-0 Rc8 10. Bh2 d5 11. Ne5 Nxe5 12. Bxe5 c4 13. Bc2 b5 14. Bxf6 Bxf6 15. e4 e5 16. dxe5 Bxe5 17. Nf3 Bb8 18. Re1 Rc7 19. Qd2 Rd7 20. Rad1 Re8 21. exd5 Rxe1+ 22. Rxe1 Bxd5 23. Qe3 g6 24. Nd4 a6 25. Qe8+ Kg7 26. Qxd8 Rxd8 27. a4 bxa4 28. Bxa4 Ba7 29. Rd1 Bb6 30. Kf1 Be4 31. Ne2 Bd3 32. Rd2 Rd5 33. Bc2 Ra5 34. g4 Ra1+ 35. Kg2 Bxc2 36. Rxc2 Rd1 37. Ng3 Kf6 38. Re2 a5 39. Ne4+ Ke5 40. Ng5+ Kd5 41. Nxf7 a4 42. Ng5 h6 43. Ne6 g5 44. f4 Rd3 1/2-1/2

[Event "BLR-ch U20"]
[Site "Rogachev"]
[Date "2018.04.25"]
[Round "2"]
[White "Klachkou, Tsimafei"]
[Black "Nikitenko, Mihail"]
[Result "0-1"]
[WhiteElo "1965"]
[BlackElo "2365"]
[PlyCount "87"]
[EventDate "2018.04.24"]
[EventType "tourn"]
[EventRounds "9"]
[EventCountry "BLR"]
[SourceTitle "CBM 184 Extra"]
[Source "ChessBase"]
[SourceDate "2018.06.28"]
[SourceVersion "1"]
[SourceVersionDate "2018.06.28"]
[SourceQuality "1"]

1. d4 d5 2. c4 c6 3. Nc3 Nf6 4. Nf3 dxc4 5. a4 Bf5 6. Ne5 Na6 7. f3 Nd7 8. Nxc4 e5 9. dxe5 Qh4+ 10. g3 Qxc4 11. e4 Qe6 12. exf5 Qxe5+ 13. Qe2 Nb4 14. Qxe5+ Nxe5 15. Kf2 0-0-0 16. Ne4 Nc2 17. Rb1 Nd4 18. Bg5 f6 19. Be3 Ndxf3 20. Bxa7 Nd2 21. Nxd2 Rxd2+ 22. Ke3 Bb4 23. Bc5 Ng4+ 24. Kf3 Bxc5 25. Kxg4 h5+ 26. Kh3 h4 27. g4 Bf2 28. Bc4 Rhd8 29. Rhc1 R8d4 30. Rc3 Re4 31. b3 Kc7 32. Rf1 Be1 33. Rff3 Bf2 34. Rcd3 Rb2 35. Rd1 Bd4 36. Rfd3 Ree2 37. Rh1 Bf2 38. Be6 g5 39. fxg6 Rxe6 40. Rhd1 Re8 41. g7 Rg8 42. Rd7+ Kb6 43. R1d3 Bg1 44. Kxh4 0-1

[Event "EU-ch rapid"]
[Site "Minsk"]
[Date "2015.12.19"]
[Round "1"]
[White "Klachkou, Tsimafei"]
[Black "Sakaev, Konstantin"]
[Result "0-1"]
[WhiteElo "1929"]
[BlackElo "2594"]
[PlyCount "98"]
[EventDate "2015.12.19"]
[EventType "swiss (rapid)"]
[EventRounds "11"]
[EventCountry "BLR"]
[SourceTitle "EXT 2017"]
[Source "ChessBase"]
[SourceDate "2016.10.25"]
[SourceVersion "1"]
[SourceVersionDate "2016.10.25"]
[SourceQuality "1"]

1. d4 Nf6 2. Nf3 e6 3. Bg5 h6 4. Bh4 d6 5. Nbd2 g5 6. Bg3 Nh5 7. e3 Bg7 8. Nb3 Nd7 9. Nfd2 Nxg3 10. hxg3 Qe7 11. Bd3 b6 12. Qf3 Rb8 13. Qc6 Qd8 14. e4 Bb7 15. Qa4 a6 16. c3 c5 17. Be2 0-0 18. dxc5 dxc5 19. Nc1 Qc7 20. 0-0 Rfd8 21. Qc2 Nf6 22. f4 Qc6 23. Ncb3 Rd7 24. Rf2 Rbd8 25. e5 Nd5 26. Bf3 Qa4 27. c4 Nb4 28. Qc3 Rd3 29. Qc1 Bxf3 30. Rxf3 gxf4 31. gxf4 Rxf3 32. Nxf3 Nd3 33. Qc2 Nxf4 34. Qe4 Ng6 35. g4 Qd7 36. g5 Qd3 37. Qxd3 Rxd3 38. gxh6 Rxf3 39. hxg7 Nxe5 40. Kg2 Rd3 41. Rc1 Kxg7 42. Rc2 f5 43. Nc1 Rd4 44. b3 Ng4 45. Kf3 Kf6 46. Rc3 e5 47. Ne2 Rd2 48. Nc1 Rf2+ 49. Kg3 Kg5 0-1